000 nam a22 7a 4500
999 _c8008
_d8008
008 171121b xxu||||| |||| 00| 0 eng d
100 _aRandall.R.R.
_94462
245 _aNoah's Ark
260 _aUSA
_bFlying Frog
_c1996